000 00770nam a22002297a 4500
005 20250227142328.0
008 250227t ||||| |||| 00| 0 spa d
020 _a9788411320405
040 _aCO-BoUCM
_cDavid Moreno
_dDavid Moreno
041 _aspa
100 1 _aCamps, Victoria
_d1941-
_9184983
245 1 0 _aBreve historia de la ética
_cVictoria Camps
250 _a2a.Ed
260 _aBarcelona, España
_bRBA
_c2024
300 _a426 Páginas
490 _aRBA Divulgación. Serie Divulgación general
504 _aIncluye referencias bibliográficas e índices
586 _aPremio Nacional de Ensayo, 2012
650 1 4 _aÉtica
_xHistoria
_xEtica antigua
_9184984
942 _2DEWEY
_a2
_cLIBRO
_e1
_h170
_mC199b
_n0
999 _c325316
_d325316